ბათუმის შოთა რუსთაველის სახელმწიფო უნივერსიტეტის ბიბლიოთეკა

მშობლის ენციკლოპედია (ბიბ.ჩანაწერი № 49295)

000 -LEADER
fixed length control field 00851nam a2200229Ia 4500
001 - CONTROL NUMBER
control field 16211
003 - CONTROL NUMBER IDENTIFIER
control field GE_BSU
008 - FIXED-LENGTH DATA ELEMENTS--GENERAL INFORMATION
fixed length control field 181216s||||||||xx |||||||||||||| ||und||
020 ## - INTERNATIONAL STANDARD BOOK NUMBER
International Standard Book Number ISBN 978-99928-61-69-1
040 ## - CATALOGING SOURCE
Transcribing agency GE_BSU
245 ## - TITLE STATEMENT
Title მშობლის ენციკლოპედია
245 ## - TITLE STATEMENT
Remainder of title ბავშვის განვითარება დაბადებიდან სამ წლამდე
245 ## - TITLE STATEMENT
Statement of responsibility, etc. მთარგმნ. დალი კერესელიძე ; რედ. თემურ მიქელაძე.
260 ## - PUBLICATION, DISTRIBUTION, ETC.
Place of publication, distribution, etc. თბილისი.
260 ## - PUBLICATION, DISTRIBUTION, ETC.
Name of publisher, distributor, etc. ელფი
260 ## - PUBLICATION, DISTRIBUTION, ETC.
Date of publication, distribution, etc. 2011
300 ## - PHYSICAL DESCRIPTION
Extent 268 გვ. : ილ. ; 27 სმ.
653 ## - INDEX TERM--UNCONTROLLED
Uncontrolled term ბავშვის განვითარება;
653 ## - INDEX TERM--UNCONTROLLED
Uncontrolled term მედიცინა
942 ## - ADDED ENTRY ELEMENTS (KOHA)
Koha item type წიგნი
ეგზემპლარები
Withdrawn status Lost status Damaged status Not for loan Date acquired Barcode Date last seen Price effective from Koha item type Public note
        2018-12-17 39982 2018-12-17 2018-12-17 წიგნი  
        2018-12-17 39983 2018-12-17 2018-12-17 წიგნი  
        2018-12-17 47569 2018-12-17 2018-12-17 წიგნი 15ლ
        2018-12-17 47570 2018-12-17 2018-12-17 წიგნი 15ლ